Journey from Many to One (Record no. 15950)
[ view plain ]
| 000 -LEADER | |
|---|---|
| fixed length control field | 00605nam a2200229 a 4500 |
| 020 ## - INTERNATIONAL STANDARD BOOK NUMBER | |
| ISBN | 9788178235271 |
| 082 00 - DEWEY DECIMAL CLASSIFICATION NUMBER | |
| Classification number | 294.5921 |
| Author Cutter | BHA |
| 100 ## - MAIN ENTRY--AUTHOR NAME | |
| Author name | Bhaskarananda, |
| 245 ## - TITLE STATEMENT | |
| Title | Journey from Many to One |
| Sub title | Essentials of Advaita Vedanta |
| 260 ## - PUBLICATION, DISTRIBUTION, ETC. (IMPRINT) | |
| Place of publication | Mylapore, Chennai |
| Name of publisher | Sri Ramakrishna Math |
| Year of publication | 2009 |
| 300 ## - PHYSICAL DESCRIPTION | |
| Number of Pages | 204p |
| 500 ## - GENERAL NOTE | |
| General note | includes index and biblioraphy |
| 650 ## - SUBJECT ADDED ENTRY--TOPICAL TERM | |
| Topical Term | Vedanta |
| 942 ## - ADDED ENTRY ELEMENTS (KOHA) | |
| Koha item type | Books |
| 700 1# - | |
| -- | Bhaskarananda, |
| Collection code | Home library | Current library | Date acquired | Cost, normal purchase price | Full call number | Accession Number | Koha item type |
|---|---|---|---|---|---|---|---|
| Henry Martyn Institute Library | Henry Martyn Institute Library | 01/01/2005 | 60.00 | 294.5921 BHA | 024726 | Books |
